Itália ; Biela labuť ; Annalena ; V čom je radosť života ; Gemma Docci ; Pán biskup a východ slnca ; Mariella Lucardi

Hlavní autor: Jégé, 1866-1940
Další autoři: Šulc, Daniel
Jazyk: Slovenština
Vydáno: Bratislava : Slovenské vydavateľstvo krásnej literatúry, 1957
Vydání: 3. vydanie
Edice: Jégé, 1866-1940. Spisy
Naši klasici (SVKL)
Fyzický popis: 207 stran
Knihy
Uloženo v:
LEADER 01343nam a22003732i 4500
001 001551386
003 CZ BrMZK
005 20161108134857.0
007 ta
008 161108s1957 xo er|||||||||||slo d
040 |a ABA001  |b cze  |c ABA001  |d BOA001  |e rda 
100 0 |a Jégé,  |d 1866-1940  |7 jn19981001591  |4 aut 
245 1 0 |a Itália ;  |b Biela labuť ; Annalena ; V čom je radosť života ; Gemma Docci ; Pán biskup a východ slnca ; Mariella Lucardi  |c Jégé ; edične pripravil, poznámky a vysvetlivky spracoval Daniel Šulc 
250 |a 3. vydanie 
264 1 |a Bratislava :  |b Slovenské vydavateľstvo krásnej literatúry,  |c 1957 
300 |a 207 stran 
336 |a text  |b txt  |2 rdacontent 
337 |a bez média  |b n  |2 rdamedia 
338 |a svazek  |b nc  |2 rdacarrier 
490 1 |a Naši klasici ;  |v zv. 36 
490 1 |a Spisy / Nádaši-Jégé, L. ;  |v zv. 3 
700 1 |a Šulc, Daniel  |4 edt 
740 0 2 |a Biela labuť 
740 0 2 |a Annalena 
740 0 2 |a V čom je radosť života 
740 0 2 |a Gemma Docci 
740 0 2 |a Pán biskup a východ slnca 
740 0 2 |a Mariella Lucardi 
800 1 |a Jégé,  |d 1866-1940.  |t Spisy 
830 0 |a Naši klasici (SVKL)  |0 s 
910 |a BOA001  |b 2-0355.169,3 
990 |a BK 
991 |b 201610 
996 7 |b 2618938894  |c 2-0355.169,3  |l MZK  |r Sklad / do 24 hodin  |n 0  |w 001586727  |u 000010  |a 1  |e BOA001  |j MZK50  |s A